| 000 | 02677nam a22006011i 4500 | ||
|---|---|---|---|
| 001 | fwb00000805 | ||
| 003 | CtWfDGI | ||
| 005 | 20231018113823.0 | ||
| 006 | m cq h | ||
| 007 | cs nzannnauuuu | ||
| 007 | sz zunznnnzned | ||
| 008 | 211102s2021 ohu cd 000 1 eng d | ||
| 020 |
_a9781667076935 _q(Wonderbook) : _c$62.99 |
||
| 020 |
_z9781432862923 _q(large print) |
||
| 028 | 0 | 1 |
_aWB000805 _bFindaway World |
| 035 | _a(OCoLC)1340428225 | ||
| 040 |
_aCtWfDGI _beng _erda _cCtWfDGI |
||
| 050 | 1 | 4 |
_aPZ7.S3527 _bPay 2021d |
| 082 | 0 | 4 |
_a[Fic] _223 |
| 100 | 1 |
_aSchmidt, Gary D., _eauthor. _931383 |
|
| 245 | 1 | 0 |
_aPay attention, Carter Jones / _cGary D. Schmidt. |
| 264 | 1 |
_aSolon, Ohio : _bFindaway World, LLC, _c[2021] |
|
| 300 |
_a1 Wonderbook (303 pages (large print)) ; _c23 cm |
||
| 336 | _aspoken word | ||
| 336 | _astill image | ||
| 336 | _atext | ||
| 337 | _aaudio | ||
| 337 | _aunmediated | ||
| 338 | _aother | ||
| 338 | _avolume | ||
| 344 |
_adigital _bnon-volatile flash memory _2rda |
||
| 347 |
_aaudio file _bMP3 _2rda |
||
| 500 | _aRelease date supplied by publisher. | ||
| 500 | _aPrint book published: Waterville, Maine : Thorndike Press, a part of Gale, a Cengage Company, 2019. | ||
| 500 | _aAudiobook originally released by Recorded Books. | ||
| 500 | _aIssued as a Wonderbook, a pre-loaded audiobook player permanently attached to a hardcover book. | ||
| 500 | _aPowered by a rechargeable battery ; USB charger required for recharging. | ||
| 500 | _aAudiobook player has 2 modes. Read-Along mode narrates the story. Learning mode asks questions related to the story. | ||
| 511 | 0 | _aRead by Christopher Gebauer. | |
| 520 | _aSixth-grader Carter must adjust to the unwelcome presence of a know-it-all butler who is determined to help him become a gentleman, and also to deal with burdens from the past. | ||
| 521 | 0 | _aGrades 3-6. | |
| 650 | 0 |
_aButlers _vJuvenile fiction. _95766833 |
|
| 650 | 0 |
_aFamilies _vJuvenile fiction. _95674031 |
|
| 650 | 0 |
_aConduct of life _vJuvenile fiction. _95675513 |
|
| 650 | 0 |
_aMiddle schools _vJuvenile fiction. _95675274 |
|
| 650 | 0 |
_aSchools _vJuvenile fiction. |
|
| 650 | 0 | _aLarge type books. | |
| 655 | 7 |
_aChildren's audiobooks. _2lcgft _95675081 |
|
| 700 | 1 |
_aGebauer, Christopher, _enarrator. _95706212 |
|
| 710 | 2 |
_aFindaway World, LLC. _95674726 |
|
| 776 | 0 | 8 |
_iPrint version: _aSchmidt, Gary D. _tPay attention, Carter Jones. _dWaterville, Maine : Thorndike Press, a part of Gale, a Cengage Company, 2019 _z9781432862923 _w(DLC) 2019002285 |
| 945 | _c(OCoLC)1340428225 | ||
| 999 |
_c389005 _d389005 |
||